| 000 | 00838nam a2200217Ii 4500 | ||
|---|---|---|---|
| 003 | JO-AjNU | ||
| 008 | 230605s9999||||xx |||||||||||||| ||und|| | ||
| 017 | _a1989/7332 | ||
| 040 |
_aJO-AjNU _bara _erda _cJO-AjNU |
||
| 041 | _aara | ||
| 050 | 1 | 4 | _aPJ6121 1989 |
| 100 | 3 |
_aوالداني، أبي عمر؛تحقيق أحمد كشك, _eauthor _939531 |
|
| 245 | 0 | 0 | _aالفرق بين الضاد والظاء في كتاب الله عز وجل وفي المشهور في الكلام |
| 250 | _aط1 | ||
| 264 | 3 | 1 | _aد.م: د.ن، 1989 |
| 300 | _a156ص | ||
| 336 |
_atext _btxt _2rdacontent |
||
| 337 |
_aunmediated _bn _2rdamedia |
||
| 338 |
_avolume _bnc _2rdacarrier |
||
| 650 | 4 |
_aالفرق بين الضاد والظاء في كتاب الله عز وجل وفي المشهور من الكلام-اللغة العربية _939532 |
|
| 999 |
_aA16703 _c20271 _d20271 |
||